Pays contenant du rouge sur leur drapeaux-Mort subite - Statistiques

Statistiques générales
  • Ce quiz a été pris 437 fois
    436 depuis la dernière actualisation
  • Le résultat moyen est 8 sur 19
Answers on the Grid
Answers color-coded by a green-red scale on the quiz's grid according to % correct below.
France
Tunisie
Brésil
Mexique
Argentine
Paraguay
Bénin
Kosovo
Niger
Nigeria
Portugal
Espagne
Russie
Japon
Botswana
Mauritanie
Tanzanie
Nicaragua
Honduras
El Salvador
Tuvalu
Inde
Qatar
Arabie Saoudite
Suède
Turquie
Irlande
Cote d'ivoire
Estonie
Gabon
Gambie
Finlande
Hongrie
Pays-Bas
Israël
Islande
Italie
Jamaïque
Kazakhstan
Maroc
 
Statistiques - réponses
Réponse % Correct
Espagne
61%
Portugal
60%
Tunisie
60%
France
59%
Italie
59%
Maroc
59%
Turquie
59%
Russie
58%
Japon
56%
Pays-Bas
54%
Mexique
48%
Hongrie
41%
Islande
41%
Paraguay
33%
Bénin
21%
Gambie
20%
Tuvalu
14%
Nicaragua
3%
El Salvador
2%
Aucun quiz correspondant
Distribution des résultats
% des personnes avec chaque résultat
Percentile par nombre de réponses
Votre historique - résultats
Vous n’avez pas pris ce quiz depuis la dernière actualisation